Motores hidráulicos empleados en los trabajos industriales / (Record no. 68481)

MARC details
000 -LEADER
campo de control de longitud fija 00663nam a22001935i 4500
001 - NÚMERO DE CONTROL
campo de control 68481
003 - IDENTIFICADOR DE NÚMERO DE CONTROL
campo de control ES-MaACL
007 - CAMPO FIJO DE DESCRIPCIÓN FÍSICA--INFORMACIÓN GENERAL
campo de control de longitud fija t|
008 - DATOS DE LONGITUD FIJA--INFORMACIÓN GENERAL
campo de control de longitud fija 960805s1888 sp a ||||1| spa d
040 ## - FUENTE DE CATALOGACIÓN
Centro catalogador/agencia de origen CAM
Lengua de catalogación spa
Centro/agencia transcriptor CAM
100 1# - ENTRADA PRINCIPAL--NOMBRE DE PERSONA
Nombre de persona García López, Marcelino.
9 (RLIN) 54849
245 10 - MENCIÓN DEL TÍTULO
Título Motores hidráulicos empleados en los trabajos industriales /
Mención de responsabilidad, etc. por M. García López.
260 ## - PUBLICACIÓN, DISTRIBUCIÓN, ETC.
Lugar de publicación, distribución, etc. Madrid :
Nombre del editor, distribuidor, etc. Hijos de D. J. Cuesta,
Fecha de publicación, distribución, etc. 1888 (
Fabricante Estab. tip. de E. Cuesta á cargo de J. Giraldez)
300 ## - DESCRIPCIÓN FÍSICA
Extensión 143, [1] p. :
Otras características físicas il. ;
Dimensiones 24 cm.
490 1# - MENCIÓN DE SERIE
Mención de serie Monografías industriales
830 0# - PUNTO DE ACCESO ADICIONAL DE SERIE-TÍTULO UNIFORME
Título uniforme Monografías industriales
9 (RLIN) 230946
852 ## - LOCALIZACIÓN
Ubicación ES-MaACL
Número de control de estantería T-554-F-6
Holdings
Estatus retirado Estado de pérdida Estado de daño No para préstamo Colección Biblioteca de origen Biblioteca actual Ubicación en estantería Fecha de adquisición Fuente de adquisición Total de préstamos Signatura topográfica completa Código de barras Visto por última vez Precio de reemplazo Tipo de ítem Koha
        Colección de folletos Biblioteca del Ateneo de Madrid Biblioteca del Ateneo de Madrid Depósito folletos 17/01/2008     T-554-F-6 1071689 23/02/2023 23/02/2023 Folleto